000
00315nam a22001337a 4500
041
_a
ENG
100
_a
Theory.E
245
_a
Strength Of Materials Stephen Timoshenko Part 1
260
_a
Delhi
_b
CBS PUBlishers & Distributors
_c
1986
300
_a
440
650
_a
FS
700
_a
Problems
856
_u
FS (36 )
999
_c
860
_d
860